| 000 | 00923nac a22002777a 4500 | ||
|---|---|---|---|
| 001 | BR7900627 | ||
| 003 | BR-BrBNA | ||
| 005 | 20240105114358.0 | ||
| 008 | 230509b bl.|||m| |||| 00| 0 por d | ||
| 040 |
_aBR-BrBNA _bpor _cBiblioteca Nacional de Agricultura |
||
| 072 | _aF00 | ||
| 090 | _a0170 BR7900627 | ||
| 100 | 1 | _aBarbosa, E.L. | |
| 100 | 1 | _aCosta, Y.A. | |
| 100 | 1 | _aFerreira, Y.C. | |
| 110 | 1 |
_aEmpresa de Pesquisa Agropecuaria da Bahia S.A., Salvador (Brasil) _94094 |
|
| 245 | 1 | _aObservacoes preliminares sobre o cultivo do sorgo na regiao de Irece, Bahia [Sorghum spp] | |
| 260 | 3 |
_aSalvador, BA (Brasil): _c1978. |
|
| 300 | _a9 p. | ||
| 490 |
_aComunicado Tecnico - Empresa de Pesquisa Agropecuaria da Bahia S.A. (Brazil) _vno. 5 _xISSN 0100-4816 |
||
| 650 | _aSORGO | ||
| 650 | _aPRATICA CULTURAL | ||
| 650 | _aBAHIA | ||
| 909 |
_a202312 _bLúcia Elande _c55 _dLúcia Elande |
||
| 942 |
_2AGRIS _n0 _cMS |
||
| 999 |
_c269017 _d269017 |
||